ბათუმის შოთა რუსთაველის სახელმწიფო უნივერსიტეტის ბიბლიოთეკა

დაუცხრომელი გული (ბიბ.ჩანაწერი № 43465)

000 -LEADER
fixed length control field 00710nam a2200205Ia 4500
001 - CONTROL NUMBER
control field 10196
003 - CONTROL NUMBER IDENTIFIER
control field GE_BSU
008 - FIXED-LENGTH DATA ELEMENTS--GENERAL INFORMATION
fixed length control field 181216s||||||||xx |||||||||||||| ||und||
040 ## - CATALOGING SOURCE
Transcribing agency GE_BSU
100 ## - MAIN ENTRY--PERSONAL NAME
Personal name სულიაშვილი,დავით
245 ## - TITLE STATEMENT
Title დაუცხრომელი გული
245 ## - TITLE STATEMENT
Remainder of title ბიოგრ.მოთხრობა
245 ## - TITLE STATEMENT
Statement of responsibility, etc. რედ:მ.ბაკურიძე;მხატვ:შ.ნიორაძე.
260 ## - PUBLICATION, DISTRIBUTION, ETC.
Place of publication, distribution, etc. თბილისი
260 ## - PUBLICATION, DISTRIBUTION, ETC.
Name of publisher, distributor, etc. სახელგამი
260 ## - PUBLICATION, DISTRIBUTION, ETC.
Date of publication, distribution, etc. 1955
300 ## - PHYSICAL DESCRIPTION
Extent 148გვ;21სმ
653 ## - INDEX TERM--UNCONTROLLED
Uncontrolled term დაუცხრომელი გული:ბიოგრ.მოთხრობა
942 ## - ADDED ENTRY ELEMENTS (KOHA)
Koha item type წიგნი
ეგზემპლარები
Withdrawn status Lost status Damaged status Not for loan Date acquired Barcode Date last seen Price effective from Koha item type
        2018-12-17 33779 2018-12-17 2018-12-17 წიგნი
        2018-12-17 33780 2018-12-17 2018-12-17 წიგნი
        2018-12-17 33781 2018-12-17 2018-12-17 წიგნი
        2018-12-17 33782 2018-12-17 2018-12-17 წიგნი
        2018-12-17 33783 2018-12-17 2018-12-17 წიგნი